All Lego Jedi Figures - Statistics

General Stats
  • This quiz has been taken 73 times
    41 since last reset
  • The average score is 19 of 37
Answer Stats
Answer % Correct
Anakin
100%
Obi Wan
100%
Yoda
97%
Kit
93%
Mace
93%
Luke
90%
Rey
87%
Ahsoka
83%
Qui Gon
83%
Aayla
77%
Plo
77%
Ki Adi
73%
Luminara
73%
Barriss
70%
Shaak
60%
Ezra
57%
Dooku
53%
Eeth
50%
Saesee
50%
Agen
47%
Kanan
47%
Quinlan
43%
Nahdar
40%
Coleman
37%
Even
37%
Pong
30%
Grogu
27%
Stass
27%
Satele
20%
Kelleran
13%
Nubs
13%
Shin
13%
Aurra
10%
Kai
10%
Rowan
10%
Baylon
7%
Lys
3%
No matching quizzes found
Score Distribution
Percent of People with Each Score
Percentile by Number Answered
Your Score History
You have not taken this quiz since the last reset